[Event "Titled Tuesday intern op 06th Feb Early"]
[Site "Chess.com INT"]
[Date "2024.02.06"]
[Round "11"]
[White "Babayeva, Nasrin"]
[Black "Rian, Kapriaga"]
[Result "0-1"]
[WhiteElo "1793"]
[BlackElo "2089"]
[PlyCount "60"]
[EventDate "2024.02.06"]
[EventType "swiss (blitz)"]
[EventRounds "11"]
[EventCountry "USA"]
[SourceTitle "CB07_2024"]
[SourceDate "2024.02.14"]
[SourceVersion "1"]
[SourceVersionDate "2024.02.14"]
[SourceQuality "1"]

1. e4 d6 2. Nf3 g6 3. d3 Bg7 4. c3 Nc6 5. Nbd2 e5 6. Be2 f5 7. 0-0 Nf6 8. d4 0-0 9. Bc4+ Kh8 10. exf5 gxf5 11. dxe5 dxe5 12. Ng5 Qe8 13. Ndf3 h6 14. Nf7+ Rxf7 15. Bxf7 Qxf7 16. Re1 e4 17. Nd4 Nxd4 18. Qxd4 Be6 19. Bf4 Rg8 20. Qxa7 Nd5 21. Bd2 c6 22. c4 Nf6 23. b3 f4 24. Bxf4 Nh5 25. Be3 Nf4 26. Bd4 Nxg2 27. Rxe4 Qg6 28. Bxg7+ Rxg7 29. Qb8+ Kh7 30. Rxe6 Qxe6 0-1

[Event "Titled Tuesday intern op 06th Feb Early"]
[Site "Chess.com INT"]
[Date "2024.02.06"]
[Round "9"]
[White "Babayeva, Nasrin"]
[Black "Rios Escobar, Adan"]
[Result "0-1"]
[WhiteElo "1793"]
[BlackElo "2234"]
[PlyCount "70"]
[EventDate "2024.02.06"]
[EventType "swiss (blitz)"]
[EventRounds "11"]
[EventCountry "USA"]
[SourceTitle "CB07_2024"]
[SourceDate "2024.02.14"]
[SourceVersion "1"]
[SourceVersionDate "2024.02.14"]
[SourceQuality "1"]

1. e4 c5 2. d3 d5 3. exd5 Qxd5 4. Nc3 Qd8 5. Be3 Nd7 6. Nf3 Ngf6 7. Be2 g6 8. 0-0 Bg7 9. Qd2 0-0 10. Bh6 b6 11. Bxg7 Kxg7 12. d4 cxd4 13. Nxd4 Bb7 14. Bf3 Bxf3 15. Nxf3 Nc5 16. Rad1 Qxd2 17. Rxd2 Rac8 18. Re1 e6 19. Ne5 a6 20. f3 Rc7 21. Red1 Rfc8 22. Kf2 b5 23. a3 Ne8 24. Nd7 Nxd7 25. Rxd7 Nf6 26. R7d6 Nd5 27. Nxd5 Rxc2+ 28. Kg3 exd5 29. R1xd5 Rxb2 30. Rxa6 Rcc2 31. Rd7 Rxg2+ 32. Kf4 g5+ 33. Kf5 Rbf2 34. Ke4 Re2+ 35. Kd3 Rd2+ 0-1

[Event "Titled Tuesday intern op 16th Jan Early"]
[Site "Chess.com INT"]
[Date "2024.01.16"]
[Round "3"]
[White "Babayeva, Nasrin"]
[Black "Alcazar Jimenez, Jesus Alberto"]
[Result "0-1"]
[WhiteElo "1806"]
[BlackElo "2147"]
[PlyCount "106"]
[EventDate "2024.01.16"]
[EventType "swiss (blitz)"]
[EventRounds "11"]
[EventCountry "USA"]
[SourceTitle "CB04_2024"]
[SourceDate "2023.10.16"]
[SourceVersion "1"]
[SourceVersionDate "2023.10.16"]
[SourceQuality "1"]

1. d4 Nf6 2. c4 e6 3. e3 d5 4. Nc3 c5 5. a3 Nc6 6. dxc5 a5 7. Nf3 Bxc5 8. cxd5 exd5 9. Bb5 0-0 10. 0-0 h6 11. Bxc6 bxc6 12. Ne5 Qd6 13. Nd3 Bb6 14. Na4 Bc7 15. f4 Bg4 16. Qc2 Bf5 17. Nac5 Bb6 18. Rd1 Nd7 19. Nxd7 Qxd7 20. Qb3 Rab8 21. Ne5 Qe6 22. Qa4 Rfc8 23. Bd2 f6 24. Nf3 Bxe3+ 25. Kh1 Bxd2 26. Rxd2 Be4 27. Nd4 Qd6 28. Rf1 c5 29. Ne2 Qa6 30. Qd1 Qe6 31. Nc3 Rd8 32. Re1 f5 33. Nxe4 fxe4 34. Qa4 e3 35. Rde2 d4 36. Qxa5 Qd5 37. Rd1 Re8 38. Qe1 Rb7 39. Rxe3 Rxe3 40. Qxe3 dxe3 41. Rxd5 Rxb2 42. Rd1 e2 43. Re1 Rd2 44. Kg1 c4 45. Kf2 c3 46. Rxe2 c2 47. Rxd2 c1Q 48. Rd8+ Kf7 49. Rd7+ Kf6 50. Rd6+ Kf5 51. Rd5+ Kxf4 52. g3+ Ke4 53. Rh5 Qe3+ 0-1

[Event "Titled Tuesday intern op 16th Jan Early"]
[Site "Chess.com INT"]
[Date "2024.01.16"]
[Round "11"]
[White "Babayeva, Nasrin"]
[Black "Belyakov, Bogdan"]
[Result "0-1"]
[WhiteElo "1806"]
[BlackElo "2416"]
[PlyCount "34"]
[EventDate "2024.01.16"]
[EventType "swiss (blitz)"]
[EventRounds "11"]
[EventCountry "USA"]
[SourceTitle "CB04_2024"]
[SourceDate "2023.10.16"]
[SourceVersion "1"]
[SourceVersionDate "2023.10.16"]
[SourceQuality "1"]

1. e4 e5 2. d3 Nc6 3. Nd2 Bc5 4. c3 a5 5. Ngf3 Nf6 6. Be2 d6 7. 0-0 0-0 8. Qc2 h6 9. Re1 Ng4 10. Rf1 f5 11. h3 Nf6 12. a3 fxe4 13. dxe4 Nh5 14. Re1 Nf4 15. Bf1 Qf6 16. g3 Nxh3+ 17. Bxh3 Bxh3 0-1

[Event "Titled Tuesday intern op 16th Jan Early"]
[Site "Chess.com INT"]
[Date "2024.01.16"]
[Round "5"]
[White "Dubnevych, Maksym"]
[Black "Babayeva, Nasrin"]
[Result "1-0"]
[WhiteElo "2340"]
[BlackElo "1806"]
[PlyCount "87"]
[EventDate "2024.01.16"]
[EventType "swiss (blitz)"]
[EventRounds "11"]
[EventCountry "USA"]
[SourceTitle "CB04_2024"]
[SourceDate "2023.10.16"]
[SourceVersion "1"]
[SourceVersionDate "2023.10.16"]
[SourceQuality "1"]

1. h3 d6 2. b3 e5 3. Bb2 f5 4. e3 Nf6 5. d4 e4 6. d5 c6 7. dxc6 bxc6 8. c4 g6 9. Be2 Bg7 10. g4 0-0 11. gxf5 Bxf5 12. h4 Na6 13. Qd2 Nc5 14. Nc3 Nd3+ 15. Bxd3 exd3 16. f3 d5 17. cxd5 Nxd5 18. Nxd5 Bxb2 19. Qxb2 Qxd5 20. Kd2 Bg4 21. e4 Qa5+ 22. b4 Qb6 23. Qb3+ Kg7 24. Qc3+ Kh6 25. fxg4 Rf2+ 26. Kd1 Rf1+ 27. Kd2 Qf2+ 28. Kxd3 Rd8+ 29. Kc4 Qf7+ 30. Kc5 Qe7+ 31. Kc4 Qxe4+ 32. Kb3 Rxa1 33. Qxa1 Qxh1 34. Qc1+ Kg7 35. Qc3+ Kf7 36. Nf3 Qd1+ 37. Kb2 Qe2+ 38. Kb3 Rd3 39. Ne5+ Ke6 40. Nxd3 Qxg4 41. Nc5+ Kd6 42. Qd3+ Kc7 43. Qe3 Qd1+ 44. Ka3 1-0

[Event "Nakhchivan 100th Ann Rep op"]
[Site "Nakhchivan"]
[Date "2024.01.11"]
[Round "3"]
[White "Babayeva, Nasrin"]
[Black "Gasimov, Parviz"]
[Result "0-1"]
[WhiteElo "1806"]
[BlackElo "2362"]
[PlyCount "110"]
[EventDate "2024.01.10"]
[EventType "swiss"]
[EventRounds "9"]
[EventCountry "AZE"]
[SourceTitle "CB03_2024"]
[SourceDate "2024.01.17"]
[SourceVersion "1"]
[SourceVersionDate "2024.01.17"]
[SourceQuality "1"]

1. c4 c5 2. g3 Nc6 3. Bg2 g6 4. Nc3 Bg7 5. Nf3 e5 6. d3 d6 7. 0-0 Nge7 8. a3 0-0 9. Rb1 a5 10. Ne1 Be6 11. Nc2 d5 12. cxd5 Nxd5 13. Ne3 Nde7 14. Ne4 b6 15. Bd2 a4 16. Nc4 Rb8 17. Bg5 f6 18. Be3 Bd5 19. Nc3 Bxg2 20. Kxg2 b5 21. Nd2 Nd4 22. b3 axb3 23. Nxb3 Nd5 24. Nxd5 Qxd5+ 25. Kg1 Rfc8 26. Nxd4 cxd4 27. Bd2 Qa2 28. Bb4 Bh6 29. Qb3+ Qxb3 30. Rxb3 Rc2 31. Re1 Rbc8 32. Ba5 Bf8 33. Bb4 Bh6 34. Ba5 Ra2 35. Rxb5 Rxa3 36. Reb1 Ra2 37. Rb8 Rxb8 38. Rxb8+ Kf7 39. Rb7+ Ke6 40. Rxh7 Bf8 41. Bd8 Rxe2 42. Ra7 f5 43. Bg5 e4 44. Ra6+ Kf7 45. Ra7+ Ke6 46. Ra6+ Kd5 47. Rxg6 exd3 48. h4 d2 49. Bxd2 Rxd2 50. Rf6 Bc5 51. Rxf5+ Kc4 52. h5 Re2 53. h6 d3 54. h7 Bd4 55. Kf1 Re8 0-1

[Event "Titled Tuesday intern op 09th Jan Early"]
[Site "Chess.com INT"]
[Date "2024.01.09"]
[Round "7"]
[White "Babayeva, Nasrin"]
[Black "Santeramo, Alessia Carmen"]
[Result "0-1"]
[WhiteElo "1806"]
[BlackElo "2162"]
[PlyCount "56"]
[EventDate "2024.01.09"]
[EventType "swiss (blitz)"]
[EventRounds "11"]
[EventCountry "USA"]
[SourceTitle "CB03_2024"]
[SourceDate "2024.01.17"]
[SourceVersion "1"]
[SourceVersionDate "2024.01.17"]
[SourceQuality "1"]

1. c4 e5 2. g3 Nc6 3. Bg2 Bc5 4. Nc3 d6 5. e3 a6 6. Nge2 Ba7 7. d4 h5 8. h4 Bg4 9. d5 Nce7 10. 0-0 Qd7 11. Kh2 g5 12. f3 gxh4 13. fxg4 hxg4 14. Qe1 Nf5 15. gxh4 Rxh4+ 16. Kg1 Nxe3 17. Qxh4 Nf5+ 18. Qf2 Bxf2+ 19. Rxf2 g3 20. Rf1 Nge7 21. Bh3 0-0-0 22. Ne4 Rh8 23. Nf6 Qa4 24. Bxf5+ Nxf5 25. Rxf5 Qc2 26. Nxg3 Qh2+ 27. Kf1 Qxg3 28. Bd2 Rh1+ 0-1

[Event "Titled Tuesday intern op 14th Nov Early"]
[Site "Chess.com INT"]
[Date "2023.11.14"]
[Round "5"]
[White "Babayeva, Nasrin"]
[Black "Mejia, Cherry Ann"]
[Result "1/2-1/2"]
[WhiteElo "1889"]
[BlackElo "1918"]
[PlyCount "79"]
[EventDate "2023.11.14"]
[EventType "swiss (blitz)"]
[EventRounds "11"]
[EventCountry "USA"]
[SourceTitle "CB47_2023"]
[SourceDate "2023.11.22"]
[SourceVersion "1"]
[SourceVersionDate "2023.11.22"]
[SourceQuality "1"]

1. d4 d5 2. g3 b5 3. Bg2 Nf6 4. b3 Bb7 5. c4 bxc4 6. bxc4 e6 7. Nd2 c5 8. dxc5 Bxc5 9. e3 0-0 10. Ne2 Nbd7 11. Bb2 Rb8 12. Rb1 Qa5 13. 0-0 Qxa2 14. Nc3 Qa5 15. Nb3 Qd8 16. cxd5 Ba6 17. Nxc5 Nxc5 18. Re1 Nd3 19. Re2 exd5 20. Rd2 d4 21. exd4 Qxd4 22. Nd5 Rxb2 23. Ne7+ Kh8 24. Rbxb2 Nxb2 25. Rxd4 Nxd1 26. Rxd1 Bc4 27. Nc6 a6 28. Ra1 g6 29. h3 Kg7 30. Ra5 Bb5 31. Nb4 Rd8 32. Nxa6 Rd1+ 33. Kh2 Bxa6 34. Rxa6 Rd2 35. Kg1 h5 36. h4 Rd1+ 37. Bf1 Ne4 38. Ra2 Nc3 39. Rc2 Nb1 40. Kg2 1/2-1/2

[Event "Titled Tuesday intern op 14th Nov Early"]
[Site "Chess.com INT"]
[Date "2023.11.14"]
[Round "8"]
[White "Musat, Adrian"]
[Black "Babayeva, Nasrin"]
[Result "0-1"]
[WhiteElo "2372"]
[BlackElo "1889"]
[PlyCount "70"]
[EventDate "2023.11.14"]
[EventType "swiss (blitz)"]
[EventRounds "11"]
[EventCountry "USA"]
[SourceTitle "CB47_2023"]
[SourceDate "2023.11.22"]
[SourceVersion "1"]
[SourceVersionDate "2023.11.22"]
[SourceQuality "1"]

1. d4 d5 2. Bf4 Nf6 3. Nf3 e6 4. e3 c5 5. c3 Nc6 6. Nbd2 Be7 7. Bd3 Nh5 8. Bg3 Nxg3 9. hxg3 g6 10. Qe2 Qc7 11. e4 c4 12. Bc2 Qb6 13. b3 cxb3 14. axb3 Bd7 15. exd5 exd5 16. b4 0-0 17. Ne5 Nxe5 18. Qxe5 Bxb4 19. Qg5 Rfe8+ 20. Kf1 Bxc3 21. Rb1 Qxd4 22. Nf3 Qc4+ 23. Kg1 Bg7 24. Rc1 Rac8 25. Kh2 Qa2 26. Bb1 Qxf2 27. Rxc8 Rxc8 28. Qe7 Bc6 29. Ng5 d4 30. Be4 Bxe4 31. Qxe4 Rc2 32. Qe8+ Bf8 33. Qe4 d3 34. Nh3 Qe2 35. Qh4 Qxg2# 0-1

[Event "TUR-chT 2nd League"]
[Site "Denizli"]
[Date "2023.07.15"]
[Round "9.45"]
[White "Babayeva, Nasrin"]
[Black "Ibrahimova, Sabina Oqtay"]
[Result "1/2-1/2"]
[WhiteElo "1968"]
[BlackElo "2158"]
[PlyCount "146"]
[EventDate "2023.07.09"]
[EventType "team-swiss"]
[EventRounds "9"]
[EventCountry "TUR"]
[SourceTitle "CBM 215 Extra"]
[Source "ChessBase"]
[SourceDate "2023.09.30"]
[SourceVersion "1"]
[SourceVersionDate "2023.09.30"]
[SourceQuality "1"]
[WhiteTeam "Nida"]
[BlackTeam "Sakarya Satranc"]
[WhiteTeamCountry "TUR"]
[BlackTeamCountry "TUR"]

1. c4 g6 2. g3 Bg7 3. Bg2 Nf6 4. Nc3 0-0 5. e4 d6 6. Nge2 c5 7. d3 Nc6 8. 0-0 a6 9. h3 Rb8 10. a4 Ne8 11. Be3 Nc7 12. d4 cxd4 13. Nxd4 Ne6 14. Nde2 Bd7 15. f4 Rc8 16. b3 Nb4 17. Rb1 Nc5 18. Qd2 a5 19. f5 Nbd3 20. Nd5 Bc6 21. Nec3 Ne5 22. Bg5 f6 23. Bh6 g5 24. Bxg7 Kxg7 25. Ne2 Be8 26. Nd4 Bf7 27. Kh1 Ra8 28. Rfe1 Ra6 29. Nb5 Rc6 30. Re3 Rc8 31. Na7 Rb8 32. Nb5 Rc8 33. Nbc3 Rh8 34. Nb5 Nc6 35. Nd4 Ne5 36. Nb5 Rf8 37. Na7 Rb8 38. Nb5 Rh8 39. Ndc7 Nc6 40. Nd5 Ne5 41. Ndc7 b6 42. Nd5 Rc8 43. Na7 Ra8 44. Nb5 Rf8 45. Ndc7 Rb8 46. Nd5 Rh8 47. Nbc3 Qd7 48. Qe2 Rhe8 49. Qf1 Bg8 50. Nb5 Rf8 51. Nbc3 Rfe8 52. Nb5 Bf7 53. Nbc3 Kh8 54. Nb5 Kg7 55. Nbc3 Rb7 56. Nb5 Rbb8 57. Nbc3 Bg8 58. Nb5 Rec8 59. Nbc3 Re8 60. Nb5 Kh8 61. Nbc3 Bf7 62. Nb5 Kg8 63. Nbc3 Kg7 64. Nb5 Rb7 65. Nbc3 Bg8 66. Nb5 Ra8 67. Nbc3 Bf7 68. Nb5 Kh8 69. Nbc3 Kg7 70. Nb5 Be8 71. Nbc3 Bf7 72. Nb5 Qd8 73. Nbc3 Qd7 1/2-1/2

[Event "Nakhchivan Premium 2"]
[Site "Nakhchivan"]
[Date "2022.01.25"]
[Round "11"]
[White "Babayeva, Nasrin"]
[Black "Garayev, Sadig"]
[Result "0-1"]
[WhiteElo "2071"]
[BlackElo "2126"]
[PlyCount "64"]
[EventDate "2022.01.14"]
[EventType "tourn"]
[EventRounds "11"]
[EventCountry "AZE"]
[SourceTitle "CBM 206 Extra"]
[Source "ChessBase"]
[SourceDate "2022.03.31"]
[SourceVersion "1"]
[SourceVersionDate "2022.03.31"]
[SourceQuality "1"]

1. c4 e6 2. Nf3 Nf6 3. e3 d5 4. d4 Be7 5. b3 0-0 6. Bb2 b6 7. cxd5 Nxd5 8. Nbd2 Bb7 9. a3 Nd7 10. Bd3 c5 11. 0-0 cxd4 12. Nxd4 Nc5 13. Bc2 Bf6 14. b4 Nd7 15. Ne4 Be5 16. Qd3 g6 17. f4 Bg7 18. Nd6 Qb8 19. Nxb7 Qxb7 20. Ba4 Rac8 21. e4 N5f6 22. Rad1 Rfd8 23. Nxe6 fxe6 24. Bxf6 Nxf6 25. Qxd8+ Rxd8 26. Rxd8+ Kf7 27. e5 b5 28. Bb3 Qb6+ 29. Kh1 Qxd8 30. exf6 Bxf6 31. Re1 Qd2 32. Rxe6 Kg7 0-1

[Event "Nakhchivan Premium 2"]
[Site "Nakhchivan"]
[Date "2022.01.22"]
[Round "8"]
[White "Humbatova, Nazli"]
[Black "Babayeva, Nasrin"]
[Result "0-1"]
[WhiteElo "1629"]
[BlackElo "2071"]
[PlyCount "60"]
[EventDate "2022.01.14"]
[EventType "tourn"]
[EventRounds "11"]
[EventCountry "AZE"]
[SourceTitle "CBM 206 Extra"]
[Source "ChessBase"]
[SourceDate "2022.03.31"]
[SourceVersion "1"]
[SourceVersionDate "2022.03.31"]
[SourceQuality "1"]

1. e4 e5 2. Nc3 Nc6 3. f4 exf4 4. Nf3 g5 5. h3 Bg7 6. d4 d6 7. d5 Ne5 8. Bb5+ Bd7 9. Bxd7+ Nxd7 10. g3 Bxc3+ 11. bxc3 Qf6 12. gxf4 gxf4 13. Qd3 Nc5 14. Qb5+ Kf8 15. e5 Qg6 16. Kf1 Qxc2 17. Ne1 Qe4 18. Rh2 Qxe5 19. Bb2 a6 20. Qb4 Ne4 21. Nc2 Ng3+ 22. Kg1 Qg5 23. Qxb7 Re8 24. Qxc7 Ne2+ 25. Kh1 Qxd5+ 26. Rg2 f3 27. c4 fxg2+ 28. Kh2 Qd3 29. Ne3 Qxe3 30. Qxd6+ Ne7 0-1

[Event "Kirsehir Ahilik op"]
[Site "Kirsehir"]
[Date "2021.09.17"]
[Round "8"]
[White "Babayeva, Nasrin"]
[Black "Yasin, Hur"]
[Result "0-1"]
[WhiteElo "1999"]
[BlackElo "1915"]
[PlyCount "68"]
[EventDate "2021.09.13"]
[EventType "swiss"]
[EventRounds "9"]
[EventCountry "TUR"]
[SourceTitle "CBM 204 Extra"]
[Source "ChessBase"]
[SourceDate "2021.11.30"]
[SourceVersion "1"]
[SourceVersionDate "2021.11.30"]
[SourceQuality "1"]

1. c4 e6 2. g3 d5 3. Bg2 Nf6 4. Nf3 Be7 5. b3 0-0 6. Bb2 c5 7. e3 Nc6 8. 0-0 Re8 9. Re1 b6 10. cxd5 exd5 11. d4 Bf5 12. a3 Rc8 13. Nc3 Qd7 14. Ne5 Qe6 15. Nxc6 Rxc6 16. dxc5 Rxc5 17. b4 Rcc8 18. Nxd5 Nxd5 19. Bxd5 Qg6 20. e4 Bg4 21. Qb3 Bf6 22. Bxf6 Qxf6 23. Rac1 Rxc1 24. Rxc1 h5 25. Kg2 h4 26. h3 hxg3 27. Qxg3 Bxh3+ 28. Kh2 Re5 29. Qxh3 Qf4+ 30. Qg3 Rh5+ 31. Kg2 Qxc1 32. Qb8+ Kh7 33. Qxa7 Qf4 34. Qxf7 Qg4+ 0-1

[Event "Kirsehir Ahilik op"]
[Site "Kirsehir"]
[Date "2021.09.14"]
[Round "2"]
[White "Babayeva, Nasrin"]
[Black "Gunduz, Umut Erdem"]
[Result "0-1"]
[WhiteElo "1999"]
[BlackElo "2193"]
[PlyCount "72"]
[EventDate "2021.09.13"]
[EventType "swiss"]
[EventRounds "9"]
[EventCountry "TUR"]
[SourceTitle "CBM 204 Extra"]
[Source "ChessBase"]
[SourceDate "2021.11.30"]
[SourceVersion "1"]
[SourceVersionDate "2021.11.30"]
[SourceQuality "1"]

1. c4 c5 2. g3 g6 3. Bg2 Bg7 4. Nf3 Nf6 5. Nc3 Nc6 6. 0-0 0-0 7. Rb1 d5 8. cxd5 Nxd5 9. Nxd5 Qxd5 10. a3 Qa2 11. Qc2 Be6 12. d3 Bb3 13. Ra1 Qxa1 14. Qxb3 Na5 15. Qb5 b6 16. Ng5 Rad8 17. Ne4 Qa2 18. Nxc5 bxc5 19. Qxa5 Bxb2 20. Bg5 Bf6 21. Bxf6 exf6 22. Bf3 Rd7 23. Qxc5 Qe6 24. Rc1 Rb8 25. Kg2 Rb3 26. Qa5 Kg7 27. Rc6 Qe7 28. Ra6 h5 29. Qa4 Rb1 30. Qc2 Rb6 31. Ra4 Rc7 32. Qd2 Rb1 33. Rb4 Ra1 34. Qb2 Rcc1 35. Be4 Rcb1 36. Rb7 Qxb7 0-1

[Event "EU-ch (Women) 21st"]
[Site "Iasi"]
[Date "2021.08.20"]
[Round "11"]
[White "Babayeva, Nasrin"]
[Black "Nastase, Andreea Cristina"]
[Result "1/2-1/2"]
[WhiteElo "1889"]
[BlackElo "2074"]
[PlyCount "120"]
[EventDate "2021.08.09"]
[EventType "swiss"]
[EventRounds "11"]
[EventCountry "ROU"]
[SourceTitle "CBM 203 Extra"]
[Source "ChessBase"]
[SourceDate "2021.09.30"]
[SourceVersion "1"]
[SourceVersionDate "2021.09.30"]
[SourceQuality "1"]

1. c4 Nf6 2. g3 c6 3. Bg2 d5 4. Nf3 dxc4 5. Na3 b5 6. Ne5 Qb6 7. d3 cxd3 8. Qxd3 e6 9. Nxb5 Bb4+ 10. Nc3 Ba6 11. Qf3 0-0 12. 0-0 Nd5 13. Rd1 Bd6 14. Nd3 Nd7 15. e4 Nxc3 16. bxc3 Ne5 17. Nxe5 Bxe5 18. Be3 c5 19. Qh5 Bxc3 20. Rab1 Qa5 21. Qxc5 Rfd8 22. Rxd8+ Rxd8 23. Qxa5 Bxa5 24. Bxa7 f6 25. Rb8 Bc8 26. Bf1 Kf7 27. a4 e5 28. Bc4+ Kg6 29. Bd5 Bd7 30. Rxd8 Bxd8 31. Bb3 Bc6 32. f3 f5 33. Bc2 Kf6 34. Kf2 g6 35. Ke2 Bb7 36. Bd3 Ba5 37. Ke3 h5 38. f4 exf4+ 39. gxf4 fxe4 40. Bxe4 Bc8 41. Bd4+ Kf7 42. Bd5+ Ke7 43. Kd3 Bd7 44. Bc5+ Kf6 45. Bb3 Kf5 46. Bd6 Kg4 47. Kd4 Bb6+ 48. Ke5 Bg1 49. Bd1+ Kh4 50. Kf6 Bf5 51. a5 Bxh2 52. a6 Bg1 53. Bb8 Bd4+ 54. Be5 Ba7 55. Be2 Be4 56. Bc4 Kg4 57. Bf7 Bd3 58. Bxg6 Bxa6 59. Bf5+ Kf3 60. Kg5 Be3 1/2-1/2

[Event "EU-ch (Women) 21st"]
[Site "Iasi"]
[Date "2021.08.17"]
[Round "8"]
[White "Navrotescu, Andreea Cristiana"]
[Black "Babayeva, Nasrin"]
[Result "1-0"]
[WhiteElo "2249"]
[BlackElo "1889"]
[PlyCount "73"]
[EventDate "2021.08.09"]
[EventType "swiss"]
[EventRounds "11"]
[EventCountry "ROU"]
[SourceTitle "CBM 203 Extra"]
[Source "ChessBase"]
[SourceDate "2021.09.30"]
[SourceVersion "1"]
[SourceVersionDate "2021.09.30"]
[SourceQuality "1"]

1. d4 d6 2. c4 e5 3. d5 f5 4. e4 fxe4 5. Nc3 Nf6 6. Nge2 Bf5 7. Ng3 Bg6 8. Bg5 Nbd7 9. Ncxe4 Be7 10. Bxf6 Bxf6 11. Bd3 0-0 12. 0-0 a5 13. Qc2 Bh4 14. Ne2 Rf7 15. N2c3 Qf8 16. Rae1 Re8 17. a3 Bd8 18. b4 axb4 19. axb4 c6 20. dxc6 bxc6 21. b5 cxb5 22. Nxb5 Bxe4 23. Bxe4 Nf6 24. Bc6 Re6 25. Qf5 Ree7 26. Nxd6 g6 27. Qf3 Rg7 28. Bd5+ Kh8 29. Ra1 Ra7 30. Nb5 Rxa1 31. Rxa1 e4 32. Bxe4 Rf7 33. Ra8 Ne8 34. Qe3 Rd7 35. Bd5 Re7 36. Qd4+ Ng7 37. g3 1-0

[Event "EU-ch (Women) 21st"]
[Site "Iasi"]
[Date "2021.08.16"]
[Round "7"]
[White "Babayeva, Nasrin"]
[Black "Sandu, Mihaela"]
[Result "0-1"]
[WhiteElo "1889"]
[BlackElo "2263"]
[PlyCount "88"]
[EventDate "2021.08.09"]
[EventType "swiss"]
[EventRounds "11"]
[EventCountry "ROU"]
[SourceTitle "CBM 203 Extra"]
[Source "ChessBase"]
[SourceDate "2021.09.30"]
[SourceVersion "1"]
[SourceVersionDate "2021.09.30"]
[SourceQuality "1"]

1. c4 g6 2. g3 Bg7 3. Bg2 d6 4. d3 e5 5. e4 Nc6 6. Ne2 Nge7 7. Nbc3 0-0 8. 0-0 Nd4 9. Nxd4 exd4 10. Ne2 c6 11. a3 a5 12. Rb1 f5 13. b4 axb4 14. axb4 fxe4 15. dxe4 c5 16. Bg5 Qc7 17. Nf4 cxb4 18. Bxe7 Qxe7 19. Nd5 Qd8 20. Rxb4 Ra5 21. Qb3 Kh8 22. Rb5 Rxb5 23. Qxb5 Qg5 24. f4 Qh5 25. Bf3 Qh3 26. Qb6 Qd7 27. Qb4 Qd8 28. Ra1 Bh3 29. Qxb7 d3 30. Rd1 Qa5 31. Qb5 Bd4+ 32. Kh1 Qa2 33. Qb1 Qxb1 34. Rxb1 Ra8 35. g4 Ra2 36. Rb8+ Kg7 37. Rb7+ Kf8 38. Rb8+ Kf7 39. Rb7+ Ke8 40. Rb8+ Kd7 41. Rb7+ Kc8 42. Rb1 Rf2 43. Ne7+ Kd7 44. Nd5 Rxf3 0-1